[Event "4NCL 2016-17"]
[Site "Reading ENG"]
[Date "2016.11.19"]
[Round "1.11"]
[White "Howell, David W L"]
[Black "Quinn, John M"]
[Result "1-0"]
[WhiteTitle "GM"]
[WhiteElo "2655"]
[BlackElo "2169"]
[WhiteTeam "Cheddleton"]
[BlackTeam "Celtic Tigers"]
[WhiteFideId "410608"]
[BlackFideId "405043"]
[EventDate "2016.11.19"]

1. d4 Nf6 2. Nf3 g6 3. Bf4 Bg7 4. e3 d6 5. h3 O-O 6. c3 b6 7. a4 a6 8. Nbd2 Bb7
9. Be2 Nbd7 10. O-O Ra7 11. Qb3 Qa8 12. Rfd1 c5 13. Bh2 h6 14. Qa2 Ne4 15. Nxe4
Bxe4 16. d5 Bxf3 17. gxf3 Qc8 18. Kg2 Rc7 19. Qc4 b5 20. axb5 axb5 21. Qh4 g5
22. Qg3 c4 23. h4 Ne5 24. hxg5 hxg5 25. Qxg5 Ng6 26. Bg3 Bf6 27. Qh6 Qf5 28. Rh1
Rb8 29. f4 Nf8 30. Bf3 Bg7 31. Qh4 Qh7 32. Qxh7+ Nxh7 33. e4 b4 34. e5 bxc3 35.
bxc3 Rb3 36. Rhc1 dxe5 37. fxe5 Ng5 38. Ra8+ Kh7 39. d6 1-0

[Event "4NCL 2016-17"]
[Site "Reading ENG"]
[Date "2016.11.19"]
[Round "1.12"]
[White "Pedersen, Carsten"]
[Black "Hamitevici, Vladimir"]
[Result "1/2-1/2"]
[BlackTitle "IM"]
[WhiteElo "2142"]
[BlackElo "2484"]
[WhiteTeam "Celtic Tigers"]
[BlackTeam "Cheddleton"]
[WhiteFideId "1409760"]
[BlackFideId "13902393"]
[EventDate "2016.11.19"]

1. e4 g6 2. d4 Bg7 3. Nc3 d6 4. Nf3 a6 5. a4 Nc6 6. Be3 Nf6 7. h3 O-O 8. Be2 Nd7
9. Qd2 e5 10. dxe5 Ndxe5 11. Nxe5 Bxe5 12. O-O f5 13. Bc4+ Kh8 14. Bh6 Bg7 15.
Bxg7+ Kxg7 16. f4 h6 17. Rae1 Ne7 18. Nd5 Nxd5 19. Qxd5 c6 20. Qd4+ Kh7 21. Bd3
Qc7 22. exf5 Bxf5 23. Bxf5 Rxf5 24. Re6 d5 25. g4 Rf7 26. Qd3 Rd8 27. f5 g5 28.
Qe3 d4 29. Qd3 c5 30. b3 b5 31. axb5 axb5 32. Rfe1 c4 33. bxc4 bxc4 34. Qxd4
Qg3+ 35. Kh1 Qxh3+ 36. Kg1 Qg3+ 37. Kh1 1/2-1/2

[Event "4NCL 2016-17"]
[Site "Reading ENG"]
[Date "2016.11.19"]
[Round "1.13"]
[White "Fodor, Tamas Jr."]
[Black "Maciol, Ryszard"]
[Result "1-0"]
[WhiteTitle "GM"]
[WhiteElo "2493"]
[BlackElo "2118"]
[WhiteTeam "Cheddleton"]
[BlackTeam "Celtic Tigers"]
[WhiteFideId "723762"]
[BlackFideId "1118153"]
[EventDate "2016.11.19"]

1. c4 Nf6 2. Nc3 e6 3. Nf3 d5 4. d4 Be7 5. Bg5 Nbd7 6. cxd5 exd5 7. e3 O-O 8.
Bd3 Re8 9. Qc2 Nf8 10. h3 a6 11. O-O Be6 12. Rac1 Rc8 13. Qb3 Rb8 14. Bf4 Bd6
15. Ne5 N6d7 16. Ne2 Bxe5 17. Bxe5 Nxe5 18. dxe5 d4 19. Qc2 dxe3 20. f4 c5 21.
b3 b5 22. Qc3 c4 23. bxc4 bxc4 24. Be4 Qd2 25. Rc2 Qxc3 26. Nxc3 f5 27. exf6
gxf6 28. Re1 Nd7 29. Rxe3 Nc5 30. Bd5 Kf7 31. Rxe6 Nxe6 32. f5 Rbd8 33. Bxe6+
Kg7 34. Ne2 Rd1+ 35. Kh2 Red8 36. Rxc4 R8d2 37. Ng3 Re1 38. Ne4 Rb2 39. Rc7+ Kh6
40. Nxf6 Ree2 41. Ng8+ Kg5 42. Rg7+ Kf4 43. Bc4 Rec2 44. f6 1-0

[Event "4NCL 2016-17"]
[Site "Reading ENG"]
[Date "2016.11.19"]
[Round "1.14"]
[White "Way, Julian M"]
[Black "Williams, Simon K"]
[Result "0-1"]
[WhiteTitle "FM"]
[BlackTitle "GM"]
[WhiteElo "2025"]
[BlackElo "2444"]
[WhiteTeam "Celtic Tigers"]
[BlackTeam "Cheddleton"]
[WhiteFideId "421910"]
[BlackFideId "404454"]
[EventDate "2016.11.19"]

1. g3 f5 2. Bg2 Nf6 3. Nf3 d6 4. O-O e5 5. d3 Be7 6. c4 O-O 7. Nc3 Qe8 8. Bg5
Qh5 9. Bxf6 Bxf6 10. Nd5 Bd8 11. Nd2 c6 12. Nc3 Qh6 13. b4 f4 14. Nce4 Kh8 15.
a4 Bg4 16. a5 a6 17. Nf3 Nd7 18. Qd2 Be7 19. Rfc1 Rf5 20. Rc2 Bh3 21. b5 g5 22.
Bh1 g4 23. Ne1 d5 24. bxc6 bxc6 25. cxd5 cxd5 26. Rac1 Qf8 27. gxf4 exf4 28. Rc7
Rd8 29. Qc3+ Kg8 30. Qb3 Qf7 31. Qb7 g3 32. hxg3 dxe4 33. Bxe4 fxg3 34. f3 Bg5
35. Rc8 Be3+ 36. Kh1 g2+ 0-1

[Event "4NCL 2016-17"]
[Site "Reading ENG"]
[Date "2016.11.19"]
[Round "1.15"]
[White "Colovic, Aleksandar"]
[Black "Stevenson, James"]
[Result "1-0"]
[WhiteTitle "GM"]
[WhiteElo "2440"]
[BlackElo "2055"]
[WhiteTeam "Cheddleton"]
[BlackTeam "Celtic Tigers"]
[WhiteFideId "15000729"]
[BlackFideId "2401215"]
[EventDate "2016.11.19"]

1. e4 Nf6 2. e5 Nd5 3. d4 d6 4. c4 Nb6 5. exd6 exd6 6. Nc3 Be7 7. Nf3 O-O 8. h3
Nc6 9. Be2 Bf5 10. O-O a6 11. Bf4 Bf6 12. b3 Bg6 13. Qd2 Re8 14. Rfe1 Qd7 15.
Rad1 Rad8 16. d5 Ne7 17. g4 h5 18. Nd4 Bxd4 19. Qxd4 hxg4 20. hxg4 Nec8 21. Kg2
f6 22. Bg3 Re7 23. Rh1 Rde8 24. Bf3 Qd8 25. g5 fxg5 26. Qg4 Rf7 27. Be4 Qf6 28.
Bxg6 Qxg6 29. Rh5 Rf5 30. Rdh1 Kf7 31. Rh8 Rxh8 32. Rxh8 Ne7 33. Rd8 Ng8 34. Qe4
Ne7 35. Qg4 Ng8 36. Qe4 Ne7 37. Qe3 Rf6 38. Ne4 Rf5 39. Bxd6 Nbc8 40. Bxc7 g4
41. d6 Re5 42. dxe7 Qxe4+ 43. Qxe4 Rxe4 44. Rxc8 Kxe7 45. Bg3 1-0

[Event "4NCL 2016-17"]
[Site "Reading ENG"]
[Date "2016.11.19"]
[Round "1.16"]
[White "Guzik, Jolanta"]
[Black "Kirk, Ezra"]
[Result "0-1"]
[WhiteTitle "WFM"]
[BlackTitle "FM"]
[WhiteElo "2008"]
[BlackElo "2345"]
[WhiteTeam "Celtic Tigers"]
[BlackTeam "Cheddleton"]
[WhiteFideId "1117815"]
[BlackFideId "600067"]
[EventDate "2016.11.19"]

1. c4 Nf6 2. Nc3 g6 3. g3 Bg7 4. Bg2 O-O 5. e3 d6 6. Nge2 e5 7. O-O Nbd7 8. d4
c6 9. b3 Qe7 10. e4 exd4 11. Nxd4 Nc5 12. f3 a5 13. Re1 Re8 14. Bg5 h6 15. Be3
Nfd7 16. Qc2 Ne5 17. Rad1 a4 18. Bf2 Qf6 19. Rf1 axb3 20. axb3 Na6 21. Be3 Nb4
22. Qd2 Kh7 23. Nde2 Ned3 24. Bd4 Qg5 25. Be3 Qa5 26. h3 Qa3 27. Ra1 Qxa1 28.
Rxa1 Rxa1+ 29. Kh2 Ra3 30. Qd1 c5 31. f4 f5 32. Bg1 b6 33. Nd5 Ra1 34. Qd2 Ra2
35. Qd1 fxe4 36. Ndc3 Rc2 37. Nd5 Bb7 38. Nxb4 Nxb4 39. Be3 Rb2 40. Bc1 Ra2 41.
Be3 Nd3 42. h4 Ra1 43. Qd2 Rea8 44. Nc3 Ne1 45. h5 gxh5 0-1

[Event "4NCL 2016-17"]
[Site "Reading ENG"]
[Date "2016.11.19"]
[Round "1.17"]
[White "Radovanovic, Jovica"]
[Black "Pein, Jonathan"]
[Result "1-0"]
[WhiteTitle "FM"]
[WhiteElo "2343"]
[BlackElo "1905"]
[WhiteTeam "Cheddleton"]
[BlackTeam "Celtic Tigers"]
[WhiteFideId "915912"]
[BlackFideId "417092"]
[EventDate "2016.11.19"]

1. d4 Nf6 2. Nf3 g6 3. c4 Bg7 4. Nc3 O-O 5. e4 d6 6. Be2 e5 7. Be3 exd4 8. Nxd4
Re8 9. f3 c6 10. Bf2 Nh5 11. Qd2 Qf6 12. g3 Bh3 13. O-O-O Na6 14. Kb1 Nc7 15.
Rhg1 Rad8 16. f4 d5 17. cxd5 cxd5 18. e5 Rxe5 19. fxe5 Qxf2 20. Bxh5 Qxd2 21.
Rxd2 gxh5 22. Re1 Re8 23. Ka1 Rxe5 24. Rxe5 Bxe5 25. Ndb5 Bxc3 26. Nxc3 Be6 27.
Ne2 Kg7 28. Nf4 h4 29. Rf2 hxg3 30. hxg3 Bf5 31. Nxd5 Nxd5 32. Rxf5 Nf6 33. Kb1
Kg6 34. Rf3 Ne4 35. Kc2 f5 36. Kd1 Kg5 37. Ke2 h5 38. Rb3 b6 39. Ra3 Kg4 40.
Rxa7 Nxg3+ 41. Kf2 Ne4+ 42. Kg2 f4 43. Rg7+ Ng5 44. a4 h4 45. b4 f3+ 46. Kf2 Kf4
47. Rxg5 1-0

[Event "4NCL 2016-17"]
[Site "Reading ENG"]
[Date "2016.11.19"]
[Round "1.18"]
[White "Larter, Nick J."]
[Black "Steil-Antoni, Fiona"]
[Result "0-1"]
[BlackTitle "WIM"]
[WhiteElo "1806"]
[BlackElo "2141"]
[WhiteTeam "Celtic Tigers"]
[BlackTeam "Cheddleton"]
[WhiteFideId "2502240"]
[BlackFideId "4001249"]
[EventDate "2016.11.19"]

1. e4 d6 2. c4 c5 3. Nc3 e5 4. g3 Be6 5. d3 Be7 6. Bg2 Qd7 7. Nge2 Nc6 8. O-O
Bh3 9. Be3 h5 10. f4 h4 11. f5 Bxg2 12. Kxg2 Nf6 13. h3 hxg3 14. Nxg3 O-O-O 15.
Nd5 Rh7 16. Qf3 Rdh8 17. Rh1 Nxd5 18. cxd5 Nb4 19. Bd2 Nc2 20. Rac1 Nd4 21. Qf1
g6 22. Be3 Kb8 23. Bxd4 cxd4 24. Rc2 Bh4 25. Kf3 Qd8 26. Kg2 Qg5 27. Qf2 gxf5
28. exf5 Rg7 29. Rg1 Rhg8 0-1

[Event "4NCL 2016-17"]
[Site "Reading ENG"]
[Date "2016.11.19"]
[Round "1.21"]
[White "Toma, Katarzyna"]
[Black "Gormally, Daniel W"]
[Result "1/2-1/2"]
[WhiteTitle "WGM"]
[BlackTitle "GM"]
[WhiteElo "2312"]
[BlackElo "2498"]
[WhiteTeam "South Wales Dragons"]
[BlackTeam "Blackthorne Russia"]
[WhiteFideId "1119907"]
[BlackFideId "406465"]
[EventDate "2016.11.19"]

1. e4 c5 2. Nc3 Nc6 3. Nf3 g6 4. d4 cxd4 5. Nxd4 Bg7 6. Be3 Nf6 7. Bc4 O-O 8.
O-O Nxe4 9. Nxe4 d5 10. Nxc6 bxc6 11. Bd3 dxe4 12. Bxe4 Qc7 13. c3 f5 14. Bf3 e5
15. Bc5 Rd8 16. Qb3+ Kh8 17. Rfd1 Ba6 18. Rxd8+ Rxd8 19. Rd1 Bd3 20. g3 e4 21.
Bg2 h6 22. Bf1 Kh7 23. Qa3 Bxf1 24. Rxd8 Qxd8 25. Kxf1 Qd1+ 26. Kg2 g5 27. Qxa7
Qf3+ 28. Kg1 Qd1+ 1/2-1/2

[Event "4NCL 2016-17"]
[Site "Reading ENG"]
[Date "2016.11.19"]
[Round "1.22"]
[White "Ledger, Andrew J"]
[Black "Cooper, John G"]
[Result "1-0"]
[WhiteTitle "IM"]
[BlackTitle "IM"]
[WhiteElo "2377"]
[BlackElo "2278"]
[WhiteTeam "Blackthorne Russia"]
[BlackTeam "South Wales Dragons"]
[WhiteFideId "400610"]
[BlackFideId "1800027"]
[EventDate "2016.11.19"]

1. d4 Nf6 2. c4 g6 3. Nc3 Bg7 4. Nf3 O-O 5. Bg5 c5 6. d5 h6 7. Bh4 d6 8. e3 a6
9. Nd2 e6 10. a4 Qb6 11. Ra3 Nbd7 12. Be2 Qb4 13. dxe6 fxe6 14. O-O d5 15. Rb3
Qa5 16. cxd5 exd5 17. Nf3 Kh7 18. Ra3 Nb6 19. Bd3 Be6 20. Qb1 Nc4 21. Bxg6+ Kh8
22. Rb3 d4 23. exd4 cxd4 24. Nxd4 Nd2 25. Qd3 Bxb3 26. Qxd2 Bc4 27. Re1 Rad8 28.
Qf4 Nd5 29. Bxd8 Nxf4 30. Bxa5 Bxd4 31. Re4 Ne6 32. Nd1 1-0

[Event "4NCL 2016-17"]
[Site "Reading ENG"]
[Date "2016.11.19"]
[Round "1.23"]
[White "Kett, Tim"]
[Black "Bates, Richard A"]
[Result "0-1"]
[BlackTitle "IM"]
[WhiteElo "2237"]
[BlackElo "2341"]
[WhiteTeam "South Wales Dragons"]
[BlackTeam "Blackthorne Russia"]
[WhiteFideId "1801210"]
[BlackFideId "403555"]
[EventDate "2016.11.19"]

1. e4 c5 2. Nf3 d6 3. d4 cxd4 4. Nxd4 Nf6 5. Nc3 a6 6. Nb3 e6 7. g4 b5 8. g5
Nfd7 9. Be3 Bb7 10. Bg2 b4 11. Ne2 Ne5 12. Ng3 Nbd7 13. Qe2 Qc7 14. O-O Nc4 15.
Bc1 g6 16. Nd2 Rc8 17. b3 Nxd2 18. Bxd2 Bg7 19. Bxb4 Bxa1 20. Rxa1 Qxc2 21. Qf3
Qb2 22. Rd1 Rc1 23. Bxd6 Ne5 24. Bxe5 Rxd1+ 25. Qxd1 Qxe5 26. h4 O-O 27. Qd7 Ba8
28. Qe7 Rc8 29. h5 Qc7 30. Qf6 Qd8 31. Qe5 gxh5 32. Bf3 Qc7 33. Qf6 Qc3 34. Nxh5
Qxf6 35. Nxf6+ Kg7 36. Be2 h6 37. Bxa6 Rc1+ 38. Kh2 hxg5 39. Nh5+ Kh6 40. Ng3
Rc2 41. Kg2 Rxa2 42. Bc4 g4 43. Nf1 Bxe4+ 44. Kg3 Kg5 0-1

[Event "4NCL 2016-17"]
[Site "Reading ENG"]
[Date "2016.11.19"]
[Round "1.24"]
[White "Webb, Laurence E"]
[Black "Redmond, John P."]
[Result "1/2-1/2"]
[WhiteTitle "FM"]
[WhiteElo "2298"]
[BlackElo "2197"]
[WhiteTeam "Blackthorne Russia"]
[BlackTeam "South Wales Dragons"]
[WhiteFideId "402389"]
[BlackFideId "2500051"]
[EventDate "2016.11.19"]

1. d4 Nf6 2. c4 e6 3. Nc3 Bb4 4. Bg5 c5 5. d5 exd5 6. cxd5 d6 7. e3 Nbd7 8. Bd3
Ne5 9. Ne2 O-O 10. Bc2 h6 11. Bh4 Ng6 12. Bg3 Nh5 13. O-O a6 14. Bxg6 fxg6 15.
Nf4 Nxg3 16. hxg3 Bxc3 17. bxc3 Qf6 18. Qb3 b5 19. Rad1 Re8 20. Ne6 Bxe6 21.
dxe6 Rxe6 22. Rxd6 c4 23. Rxe6 Qxe6 24. Qb4 Rd8 25. a4 Rd5 26. axb5 axb5 27. Ra1
Qg4 28. Qb1 Qe2 29. Qxg6 Rd1+ 30. Rxd1 Qxd1+ 31. Kh2 Qd5 32. Qe8+ Kh7 33. e4 Qd3
34. e5 b4 35. e6 bxc3 36. e7 c2 37. Qf7 Qe4 38. f3 Qxe7 39. Qxe7 c1=Q 40. Qe4+
Kh8 41. Qe8+ Kh7 1/2-1/2

[Event "4NCL 2016-17"]
[Site "Reading ENG"]
[Date "2016.11.19"]
[Round "1.25"]
[White "Zeidler, Sven P."]
[Black "Eames, Robert S"]
[Result "1-0"]
[WhiteTitle "FM"]
[BlackTitle "FM"]
[WhiteElo "2185"]
[BlackElo "2201"]
[WhiteTeam "South Wales Dragons"]
[BlackTeam "Blackthorne Russia"]
[WhiteFideId "1800604"]
[BlackFideId "408743"]
[EventDate "2016.11.19"]

1. e4 e5 2. Nf3 Nc6 3. Nc3 Nf6 4. Be2 Bb4 5. Nd5 Ba5 6. O-O O-O 7. d4 Nxd5 8.
exd5 Nxd4 9. Nxd4 exd4 10. Qxd4 d6 11. Bd3 Re8 12. b3 Bd7 13. h4 Re5 14. c4 Bb6
15. Qf4 Qf8 16. Bb2 Re7 17. h5 f5 18. Rae1 Rae8 19. Rxe7 Rxe7 20. g4 Qf7 21.
gxf5 Qxh5 22. Kg2 g5 23. Qg3 g4 24. Rh1 Qg5 25. f6 Rf7 26. Bxh7+ Kf8 27. Bf5 1-0

[Event "4NCL 2016-17"]
[Site "Reading ENG"]
[Date "2016.11.19"]
[Round "1.26"]
[White "Ledger, Dave J"]
[Black "Morris, Charles F"]
[Result "1-0"]
[WhiteTitle "FM"]
[WhiteElo "2215"]
[BlackElo "2132"]
[WhiteTeam "Blackthorne Russia"]
[BlackTeam "South Wales Dragons"]
[WhiteFideId "401986"]
[BlackFideId "1800140"]
[EventDate "2016.11.19"]

1. e4 e6 2. d4 d5 3. Nc3 Nf6 4. e5 Nfd7 5. f4 c5 6. Nf3 Nc6 7. Be3 cxd4 8. Nxd4
Bc5 9. Qd2 O-O 10. O-O-O a6 11. Qf2 Qe7 12. Kb1 f6 13. Nf5 exf5 14. Nxd5 Qf7 15.
e6 Qxe6 16. Bxc5 Nxc5 17. Qxc5 Qf7 18. Nb6 Be6 19. Nxa8 Rxa8 20. a3 Rc8 21. Rd6
Kh8 22. Bd3 Ne7 23. Qb6 Nd5 24. Rd8+ Rxd8 25. Qxd8+ Qg8 26. Qd6 Qc8 27. Re1 Bg8
28. g3 h6 29. c4 Qc7 30. Qxc7 Nxc7 31. Re7 Ne6 32. Bxf5 1-0

[Event "4NCL 2016-17"]
[Site "Reading ENG"]
[Date "2016.11.19"]
[Round "1.27"]
[White "James, David J"]
[Black "Nelson, Jonathan P"]
[Result "1/2-1/2"]
[WhiteTitle "FM"]
[WhiteElo "2134"]
[BlackElo "2185"]
[WhiteTeam "South Wales Dragons"]
[BlackTeam "Blackthorne Russia"]
[WhiteFideId "1800272"]
[BlackFideId "404195"]
[EventDate "2016.11.19"]

1. d4 g6 2. Nf3 Bg7 3. g3 d6 4. Bg2 e5 5. Nc3 Nd7 6. O-O Ngf6 7. e4 O-O 8. h3 a5
9. Be3 b6 10. Qd2 Bb7 11. d5 Ba6 12. Rfe1 b5 13. Nh2 Nb6 14. b3 b4 15. Ne2 Nbd7
16. Nc1 Nc5 17. Bg5 Qd7 18. Nd3 Bxd3 19. cxd3 a4 20. Qc2 Ra5 21. Bd2 Rfa8 22.
Rad1 axb3 23. axb3 Qb5 24. Bf1 Ra2 25. Qb1 Qa5 26. Be3 Nfd7 27. Nf3 Qa3 28. Nd2
Rb2 29. Qc1 Ra2 30. Qc4 Ra5 31. Rb1 Nb6 32. Qc1 Qxc1 33. Rexc1 Nbd7 34. Nc4 1/2-1/2

[Event "4NCL 2016-17"]
[Site "Reading ENG"]
[Date "2016.11.19"]
[Round "1.28"]
[White "Robson, Caroline J"]
[Black "Wilson, Julie"]
[Result "0-1"]
[WhiteElo "1554"]
[BlackElo "1885"]
[WhiteTeam "Blackthorne Russia"]
[BlackTeam "South Wales Dragons"]
[WhiteFideId "411752"]
[BlackFideId "1800876"]
[EventDate "2016.11.19"]

1. e4 e6 2. d3 d5 3. Nd2 c5 4. g3 Nc6 5. Bg2 Nf6 6. Ngf3 Be7 7. O-O O-O 8. Re1
Qc7 9. e5 Nd7 10. Qe2 b6 11. Nf1 Ba6 12. Bf4 c4 13. h4 cxd3 14. cxd3 Nc5 15.
Red1 Nb4 16. Qd2 Nbxd3 17. N1h2 Ne4 18. Qe2 Ndxf2 19. Qxa6 Nxd1 20. Rxd1 Qc5+
21. Nd4 Qb4 22. Qe2 Bc5 23. Nf3 Rac8 24. Kh2 Be7 25. h5 Kh8 26. g4 Rc4 27. a3
Qc5 28. g5 Nxg5 29. Nxg5 Rxd4 30. Rxd4 Qxd4 31. Qc2 Bxg5 32. Bxg5 Qxe5+ 0-1

[Event "4NCL 2016-17"]
[Site "Reading ENG"]
[Date "2016.11.19"]
[Round "1.31"]
[White "Zhou, Yang-Fan"]
[Black "Libiszewski, Fabien"]
[Result "0-1"]
[WhiteTitle "IM"]
[BlackTitle "GM"]
[WhiteElo "2473"]
[BlackElo "2543"]
[WhiteTeam "Guildford"]
[BlackTeam "3C's"]
[WhiteFideId "468584"]
[BlackFideId "616834"]
[EventDate "2016.11.19"]

1. e4 e6 2. d4 d5 3. e5 c5 4. c3 Nc6 5. Nf3 Bd7 6. Be2 Nge7 7. O-O Ng6 8. g3 Be7
9. h4 cxd4 10. cxd4 O-O 11. h5 Nh8 12. Nc3 f6 13. exf6 Bxf6 14. Be3 Nf7 15. Bd3
Nd6 16. Rc1 Be8 17. g4 e5 18. dxe5 Nxe5 19. Nxe5 Bxe5 20. f4 Qh4 21. Bf2 Qh3 22.
Nxd5 Rxf4 23. Nxf4 Bxf4 24. Qb3+ Kh8 25. Rfe1 Bh2+ 0-1

[Event "4NCL 2016-17"]
[Site "Reading ENG"]
[Date "2016.11.19"]
[Round "1.32"]
[White "Gordon, Stephen J"]
[Black "Buckley, Graeme N"]
[Result "1-0"]
[WhiteTitle "GM"]
[BlackTitle "IM"]
[WhiteElo "2506"]
[BlackElo "2342"]
[WhiteTeam "3C's"]
[BlackTeam "Guildford"]
[WhiteFideId "411477"]
[BlackFideId "402265"]
[EventDate "2016.11.19"]

1. Nf3 e6 2. c4 b6 3. g3 Bb7 4. Bg2 c5 5. O-O Nf6 6. Nc3 Be7 7. d4 cxd4 8. Qxd4
Nc6 9. Qf4 a6 10. Rd1 d6 11. b3 Qc7 12. Ba3 Rd8 13. Rac1 Qb8 14. Ng5 O-O 15.
Nce4 Nxe4 16. Nxe4 e5 17. Qe3 Nd4 18. Nc3 Bxg2 19. Kxg2 Qb7+ 20. Nd5 Rde8 21.
Bb2 h6 22. Bxd4 Bg5 23. Qf3 Kh8 24. Be3 e4 25. Qh5 Bxe3 26. Nxe3 Re5 27. Qh4 Qd7
28. Rd5 f5 29. Rcd1 Rxd5 30. Rxd5 Rf6 31. Qh3 1-0

[Event "4NCL 2016-17"]
[Site "Reading ENG"]
[Date "2016.11.19"]
[Round "1.33"]
[White "Suarez Real, Alberto"]
[Black "Horton, Andrew P"]
[Result "1/2-1/2"]
[WhiteTitle "IM"]
[BlackTitle "FM"]
[WhiteElo "2416"]
[BlackElo "2280"]
[WhiteTeam "Guildford"]
[BlackTeam "3C's"]
[WhiteFideId "2218534"]
[BlackFideId "424269"]
[EventDate "2016.11.19"]

1. e4 e5 2. Nf3 Nc6 3. d4 exd4 4. Nxd4 Nf6 5. Nxc6 bxc6 6. e5 Qe7 7. Qe2 Nd5 8.
c4 Nb6 9. Nc3 Bb7 10. Bf4 g6 11. O-O-O O-O-O 12. h4 h6 13. Kb1 Bg7 14. Rh3 Rhe8
15. Re1 Qe6 16. c5 Nd5 17. Nxd5 Qxd5 18. Qc2 Bxe5 19. Bxh6 Bd4 20. Rc1 d6 21.
cxd6 Rxd6 22. Be3 Bxe3 23. Rxe3 Rxe3 24. fxe3 c5 25. b3 Qe5 26. Qc3 Qxc3 27.
Rxc3 Rd1+ 28. Rc1 Be4+ 29. Kb2 Rd2+ 30. Ka3 Bxg2 31. Bxg2 Rxg2 32. Rf1 Rg4 33.
h5 gxh5 34. Rxf7 c4 35. Rh7 h4 36. Kb2 Re4 37. Kc2 Kb7 38. b4 Kb6 39. Kc3 Kb7
40. a4 a6 41. Rh6 Rxe3+ 42. Kxc4 Rh3 43. Rh7 Rh1 44. Kb3 h3 45. Kb2 Rh2+ 46. Kb3
Rh1 47. Kb2 h2 48. Rh6 a5 49. b5 Kc8 50. Rh8+ Kd7 51. Rh7+ Ke6 52. Rh6+ Ke5 53.
Rh5+ Kf4 54. Rh8 Kf3 55. Rh7 Re1 56. Rxh2 Re2+ 57. Rxe2 Kxe2 58. Kc2 Ke1 59. Kc1
Ke2 60. Kc2 1/2-1/2

[Event "4NCL 2016-17"]
[Site "Reading ENG"]
[Date "2016.11.19"]
[Round "1.34"]
[White "Abbas, Daniel"]
[Black "Wadsworth, Matthew J"]
[Result "1-0"]
[BlackTitle "FM"]
[WhiteElo "2270"]
[BlackElo "2290"]
[WhiteTeam "3C's"]
[BlackTeam "Guildford"]
[WhiteFideId "423831"]
[BlackFideId "415804"]
[EventDate "2016.11.19"]

1. e4 e6 2. d4 d5 3. Nd2 Nf6 4. e5 Nfd7 5. Bd3 c5 6. c3 Nc6 7. Ne2 cxd4 8. cxd4
f6 9. exf6 Nxf6 10. O-O Bd6 11. Nf3 Qc7 12. Bd2 O-O 13. Rc1 Bd7 14. Ng3 Qb6 15.
Bc3 Bf4 16. Ra1 Be8 17. Re1 Bf7 18. b4 a6 19. Rb1 Qc7 20. Bd2 Nh5 21. Ne2 h6 22.
Rc1 Qd6 23. a3 Bxd2 24. Qxd2 Rae8 25. Bb1 Nf6 26. Ng3 Re7 27. Ne5 Be8 28. Rc3 g5
29. Rce3 Nd7 30. Nxc6 Qxc6 31. Nf5 Rxf5 32. Bxf5 Nf8 33. h4 gxh4 34. Qe2 Bd7 35.
Qh5 Rg7 36. Bb1 h3 37. g3 Qb6 38. Qh4 a5 39. bxa5 Qxa5 40. Qxh3 e5 41. Bf5 exd4
42. Re7 Bxf5 43. Qxf5 Qc5 44. Qf6 Rh7 45. Rxh7 Nxh7 46. Re8+ Nf8 47. Re7 1-0

[Event "4NCL 2016-17"]
[Site "Reading ENG"]
[Date "2016.11.19"]
[Round "1.35"]
[White "Kilpatrick, Callum"]
[Black "Congiu, Mathilde"]
[Result "1-0"]
[WhiteTitle "FM"]
[BlackTitle "WIM"]
[WhiteElo "2352"]
[BlackElo "2208"]
[WhiteTeam "Guildford"]
[BlackTeam "3C's"]
[WhiteFideId "414425"]
[BlackFideId "634581"]
[EventDate "2016.11.19"]

1. e4 c5 2. Nf3 d6 3. c3 Nf6 4. Be2 Nc6 5. d4 cxd4 6. cxd4 Nxe4 7. d5 Qa5+ 8.
Nc3 Nxc3 9. bxc3 Nb8 10. O-O g6 11. Qd4 f6 12. Re1 Bg7 13. Bc4 Kf7 14. Ng5+ Kf8
15. Rxe7 Kxe7 16. Qe4+ Kd7 17. Qe6+ Kc7 18. Qe7+ Bd7 19. Ne6+ Kc8 20. Qxg7 Re8
21. Bf4 g5 22. Be3 Bxe6 23. dxe6 Qc7 24. Qf7 Qxf7 25. exf7 Rf8 26. f4 Nc6 27.
fxg5 Ne5 28. Bd5 Nxf7 29. gxf6 Kc7 30. Rb1 Nd8 31. Bd4 Nc6 32. f7 Rad8 33. Bxa7
Rd7 34. Bb6+ Kb8 35. Bd4 Nxd4 36. cxd4 Rdxf7 37. Bxf7 Rxf7 38. Rf1 Rc7 39. Rf6
Rc1+ 40. Kf2 Rc2+ 41. Kf3 Kc7 42. Rf7+ Kc6 43. Rxh7 Rxa2 44. d5+ Kxd5 45. Rxb7
Ra3+ 46. Kf4 Ra4+ 47. Kf3 Ra3+ 48. Kf4 Ra4+ 49. Kg3 Ke5 50. Re7+ Kf6 51. Re2 Rd4
52. Kf3 Kf5 53. g3 Kg5 54. Ke3 Rd5 55. Rd2 Re5+ 56. Kf3 Rf5+ 57. Kg2 Rf6 58. h4+
Kg6 59. g4 Re6 60. Kf3 Rf6+ 61. Kg3 Re6 62. Rd5 Kg7 63. h5 Kh7 64. Kf4 Kg7 65.
Kf5 Rf6+ 66. Kg5 Re6 67. Rf5 Re4 68. h6+ Kg8 69. Rf6 d5 70. Rd6 Rd4 71. Rd8+ Kh7
72. Rd7+ Kg8 73. h7+ 1-0

[Event "4NCL 2016-17"]
[Site "Reading ENG"]
[Date "2016.11.19"]
[Round "1.36"]
[White "Walton, Alan J"]
[Black "Osborne, Marcus E"]
[Result "1/2-1/2"]
[WhiteTitle "CM"]
[WhiteElo "2191"]
[BlackElo "2253"]
[WhiteTeam "3C's"]
[BlackTeam "Guildford"]
[WhiteFideId "409898"]
[BlackFideId "404608"]
[EventDate "2016.11.19"]

1. d4 e6 2. e4 d5 3. Nc3 Nf6 4. Bg5 Bb4 5. e5 h6 6. Bd2 Bxc3 7. bxc3 Ne4 8. Qg4
g6 9. Bd3 Nxd2 10. Kxd2 c5 11. Nf3 Nc6 12. Rhb1 cxd4 13. cxd4 Qa5+ 14. c3 Qa3
15. Qf4 b6 16. h4 Ba6 17. Qf6 Rg8 18. Rb3 Qa4 19. Ne1 Bxd3 20. Nxd3 Na5 21. Rb4
Nc4+ 22. Kc1 Qc6 23. Rab1 Rc8 24. Kd1 Na5 25. Rc1 Qc7 26. Qf3 Qe7 27. g3 Kd7 28.
Nf4 Rc7 29. Qg4 Rxc3 30. Nxd5 Rxc1+ 31. Kxc1 Rc8+ 32. Kd1 Qd8 33. Nf6+ Kc7 34.
Qf3 Kb8 35. Ne4 Qd5 36. Qe2 Nc6 37. Rc4 b5 38. Rc5 Qxd4+ 39. Ke1 Qa1+ 40. Qd1
Qxd1+ 41. Kxd1 a6 42. Nd6 Rc7 43. Nxf7 Rd7+ 44. Nd6 Nxe5 45. Rxe5 Rxd6+ 46. Kc2
Kc7 47. f4 Rc6+ 48. Kb3 Kd6 49. Re2 Rc4 50. Rh2 h5 51. Rd2+ Ke7 52. Rd3 Kf6 53.
Rd6 Ra4 54. Rc6 Re4 55. Rxa6 Re3+ 56. Kb4 Rxg3 57. Kxb5 Rg4 58. Ra4 Rxh4 59. Rb4
Rg4 60. a4 h4 61. a5 h3 62. Rb1 Rxf4 63. a6 Rf3 64. Ra1 Rb3+ 65. Kc6 h2 66. Rh1
Ra3 67. Kb7 g5 68. Rxh2 g4 69. a7 Kf5 70. Rf2+ Kg5 71. Re2 g3 72. Rxe6 g2 73.
Re1 Kf4 74. Rg1 Kg3 75. Rxg2+ Kxg2 76. a8=Q Rxa8 77. Kxa8 1/2-1/2